Operations research in agriculture (Record no. 39193)

MARC details
000 -LEADER
fixed length control field 00319nam a2200121Ia 4500
082 ## - DEWEY DECIMAL CLASSIFICATION NUMBER
Classification number 65.012.122:63
Item number PAR
100 ## - MAIN ENTRY--AUTHOR NAME
Personal name Parkash Mehta
245 #0 - TITLE STATEMENT
Title Operations research in agriculture
260 ## - PUBLICATION, DISTRIBUTION, ETC. (IMPRINT)
Place of publication New Delhi
Name of publisher Astish
Year of publication 1985
650 ## - SUBJECT ADDED ENTRY--TOPICAL TERM
Topical Term Operations research
942 ## - ADDED ENTRY ELEMENTS (KOHA)
Koha item type Books
Holdings
Withdrawn status Lost status Damaged status Not for loan Home library Current library Date acquired Cost, normal purchase price Full call number Accession Number Koha item type
        RRII Library RRII Library 16/12/2021 175.00 65.012.122:63 PAR 19537 Books